The All England Law reports reprint: (Record no. 619521)

MARC details
000 -LEADER
fixed length control field 00572nam a2200193 a 4500
008 - FIXED-LENGTH DATA ELEMENTS--GENERAL INFORMATION
fixed length control field 260416s2026##################000#0#eng##
020 ## - INTERNATIONAL STANDARD BOOK NUMBER
ISBN 9780406000521
Paper back/Hardbound hbk
041 ## - LANGUAGE CODE
Language code of text/sound track or separate title eng
082 04 - DEWEY DECIMAL CLASSIFICATION NUMBER
Classification number 348.42 ALL(R)
100 ## - MAIN ENTRY--AUTHOR NAME
Personal name Bridgman, G. F. L.
245 10 - TITLE STATEMENT
Title The All England Law reports reprint:
Sub Title 1933
Statement of responsibility, etc /G.F.L. Bridgman
260 ## - PUBLICATION, DISTRIBUTION, ETC. (IMPRINT)
Place of publication London
Name of publisher Butterworth & Co. (Publishers) Ltd.
Year of publication 1958
300 ## - PHYSICAL DESCRIPTION
Number of Pages 1002p. :
Dimensions 23cm.
650 ## - SUBJECT ADDED ENTRY--TOPICAL TERM
Topical Term Laws, regulations, cases
700 ## - ADDED ENTRY--PERSONAL NAME
Personal name Swingland, O. M. W.
Personal name Summerfield, Henry
942 ## - ADDED ENTRY ELEMENTS (KOHA)
Koha item type English Books
Holdings
Withdrawn status Lost status Damaged status Not for loan Home library Current library Shelving location Date acquired Full call number Accession Number Price effective from Koha item type
        Anna Centenary Library Anna Centenary Library 4TH FLOOR, A WING 16.04.2026 348.42 ALL(R) 401703 16.04.2026 English Books

Find us on the map